| 000 | 00337nam a22001337a 4500 | ||
|---|---|---|---|
| 005 | 20250901165814.0 | ||
| 008 | 250328b |||||||| |||| 00| 0 eng d | ||
| 020 | _a9789966068309 | ||
| 050 | _aPL 8704 .M56 2015 | ||
| 245 |
_aNisamehe Mama _cBen Mkota |
||
| 260 |
_aNairobi: _bOne Planet, _c2015. |
||
| 300 |
_a170 p.: _c18 cm. |
||
| 942 | _2lcc | ||
| 999 |
_c9465 _d9465 |
||